| 000 | 00450nam a2200169Ia 4500 | ||
|---|---|---|---|
| 003 | GCL | ||
| 008 | 140319s9999 xx 000 0 eng d | ||
| 040 |
_aGCL / _cGCL |
||
| 082 | 0 | 4 |
_a301 _bF M |
| 100 | 1 | _aFARARO, THOMAS | |
| 245 | 1 | 0 |
_aTHE MEANING OF GENERAL THEORETICAL SOCIOLOGY / _cFARARO, THOMAS |
| 260 |
_a[S.N] : _bCAMBRIBGE UNIVERSITY PRESS ، _c1989 |
||
| 300 | _a387 P | ||
| 650 | 0 | 4 | _aSOCIOLOGY |
| 650 | 0 | 4 | _aPHILOSOPHY |
| 942 |
_2ddc _cBK |
||
| 999 |
_c24481 _d24481 |
||